Sports Quiz

Random Sports or Baseball Quiz

Baseball in Bronze Quiz Stats

Quiz not verified by Sporcle

Challenge
Share
Tweet
Embed
Score 0/71 Timer 06:00
0 Plays Today
Stadium Recipient % Correct
Busch StadiumStan Musial
89.3%
AT&T ParkWillie Mays
88.1%
Oriole Park at Camden YardsBabe Ruth
86.9%
Fenway ParkTed Williams
81%
Miller ParkHank Aaron
79.8%
PNC ParkSmokey Joe Williams
79.8%
Turner FieldHank Aaron
79.8%
AT&T ParkWillie McCovey
77.4%
Great American BallparkFrank Robinson
77.4%
PNC ParkRoberto Clemente
77.4%
Wrigley FieldErnie Banks
73.8%
PNC ParkWillie Stargell
71.4%
Citizens Bank BallparkMike Schmidt
70.2%
Rangers Ballpark in ArlingtonNolan Ryan
69%
Busch StadiumBob Gibson
63.1%
Comerica ParkTy Cobb
63.1%
Kauffman StadiumGeorge Brett
63.1%
Nationals ParkJosh Gibson
63.1%
PNC ParkJosh Gibson
63.1%
Turner FieldTy Cobb
63.1%
Busch StadiumOzzie Smith
60.7%
Target FieldHarmon Killebrew
58.3%
PETCO ParkTony Gwynn
57.1%
PNC ParkHonus Wagner
54.8%
Citizens Bank BallparkSteve Carlton
52.4%
Minute Maid ParkCraig Biggio
50%
Nationals ParkWalter Johnson
50%
Minute Maid ParkJeff Bagwell
48.8%
PNC ParkJudy Johnson
48.8%
Target FieldKirby Puckett
47.6%
Busch StadiumRogers Hornsby
46.4%
AT&T ParkJuan Marichal
45.2%
Citizens Bank BallparkRobin Roberts
45.2%
Target FieldRod Carew
45.2%
Miller ParkRobin Yount
42.9%
U.S. Cellular FieldNellie Fox
42.9%
Stadium Recipient % Correct
Comerica ParkHank Greenberg
41.7%
Busch StadiumLou Brock
39.3%
Busch StadiumDizzy Dean
35.7%
U.S. Cellular FieldLuis Aparicio
35.7%
Citizens Bank BallparkRichie Ashburn
34.5%
Turner FieldWarren Spahn
34.5%
Yankee StadiumYogi Berra
34.5%
PNC ParkBill Mazeroski
32.1%
Progressive FieldBob Feller
29.8%
AT&T ParkOrlando Cepeda
28.6%
Busch StadiumRed Schoendienst
27.4%
Comerica ParkCharlie Gehringer
27.4%
Kauffman StadiumFrank White
27.4%
Turner FieldPhil Niekro
27.4%
Comerica ParkWillie Horton
22.6%
PNC ParkSatchel Paige
22.6%
U.S. Cellular FieldCarlton Fisk
22.6%
Busch StadiumEnos Slaughter
21.4%
Citizens Bank BallparkConnie Mack
21.4%
Comerica ParkHal Newhouser
20.2%
U.S. Cellular FieldHarold Baines
20.2%
Busch StadiumCool Papa Bell
19%
PNC ParkCool Papa Bell
19%
Kauffman StadiumDick Howser
16.7%
Great American BallparkErnie Lombardi
15.5%
Great American BallparkTed Kluszewski
11.9%
Nationals ParkFrank Howard
11.9%
U.S. Cellular Field2005 WS Champions
11.9%
Yankee StadiumDon Larsen
10.7%
Great American BallparkJoe Nuxhall
9.5%
Busch StadiumGeorge Sisler
8.3%
U.S. Cellular FieldBilly Pierce
8.3%
U.S. Cellular FieldMinnie Minoso
7.1%
PNC ParkOscar Charleston
4.8%
PNC ParkBuck Leonard
4.8%

You're not logged in!

Compare scores with friends on all Sporcle quizzes.
Sign Up with Email
OR
Log In

You Might Also Like...

Show Comments

Extras

Top Quizzes Today


Score Distribution

Your Account Isn't Verified!

In order to create a playlist on Sporcle, you need to verify the email address you used during registration. Go to your Sporcle Settings to finish the process.